000
00208 a2200097 4500
001
2017
100
_a
Hadekel,R
245
_a
Hydraulic Systems and Equipment
260
_a
_b
Cambridge
_c
090
_c
1492
_d
1492
942
_a
NUST-CAE
_c
M
_c
5469
999
_c
237090
_d
237090